Letter Logos - Sudden Death - Statistics

General Stats
  • This quiz has been taken 93 times
  • The average score is 5 of 15
Answers on the Grid
Answers color-coded by a green-red scale on the quiz's grid according to % correct below.
Louis Vuitton
Google
Disney
Netflix
Ebay
Bitcoin
Nickelodeon
BBC
CNN
Sony
Wikipedia
Sky
Visa
Cadbury
Lego
Audi
Amazon
Mercedes-Benz
Snapchat
BIC
Burger King
Starbucks
Doritos
Toyota
National Geographic
Rolex
Wendy's
Android
Ryanair
Barclays
 
Answer Stats
Answer % Correct
Netflix
54%
CNN
44%
Google
44%
BBC
43%
Lego
37%
Ebay
33%
Visa
33%
Louis Vuitton
32%
Sony
27%
Disney
22%
Sky
22%
Nickelodeon
21%
Bitcoin
17%
Cadbury
14%
Wikipedia
10%
No matching quizzes found
Score Distribution
Percent of People with Each Score
Percentile by Number Answered
Your Score History
You have not taken this quiz